000 00436nam a2200181Ia 4500
001 13294
005 20260306164750.0
008 260306t2018||||xx |||||||||||||| ||spa||
041 _aESP
082 _a001.42
_bM26
100 _aMartínez Ruíz, Héctor
_eAUT
245 0 _aMetodología de la investigación
260 _c2018
300 _a200 páginas :
_c24 cm.
650 _aGEN
654 _aCHU
942 _cLIB
_dJUS
_fJUS
_2ddc
_n
999 _c13294
_d13294